000 00407nam a2200157Ia 4500
008 231217s9999 xx 000 0 und d
020 _a8187495251
041 _aEnglish
082 _a658.4 VID;1 R
100 _aVidya, C ed.
245 0 _aCorporate governance : policy perspectives
260 _c2007
_bIcfai
_aHyderabad
300 _avi, 250
650 _aCorporate,governance,policy
942 _cAA
999 _c189263
_d189263